| 000 | 00395nam a22001457a 4500 | ||
|---|---|---|---|
| 020 | _a0-8018-3588-7 | ||
| 082 |
_a388.322044 _bCHE _cL-39,P-151 |
||
| 100 |
_aChesher , Andrew _938679 |
||
| 245 | _aVehicle Operating Costs | ||
| 260 |
_aWashington _bThe World Bank |
||
| 300 |
_aX, 377 P, : _bILL, : _c24 Cm |
||
| 526 |
_a0 _b0 _c0 _d388_322044000000000_CHE |
||
| 650 |
_aMCE _9379 |
||
| 942 |
_2ddc _cBK |
||
| 999 |
_c543331 _d543331 |
||